000 00414nam a2200181Ia 4500
008 170918s9999 xx 000 0 und d
020 _a9780399252273
050 _bL965tr 2012
100 _aLupica, Mike
245 _aTrue Legend /
245 _cby Mike Lupica.
260 _aUSA :
260 _bPuffin Books,
260 _c2012
300 _a292 pages :
300 _billustrations ;
300 _c21cm.
999 _c343365
_d343365